| 000 | 00865nam a2200301 a 4500 | ||
|---|---|---|---|
| 001 | 000108209 | ||
| 003 | CHAP | ||
| 005 | 20220329144003.0 | ||
| 008 | 131218s2011 dcua |r| |||1|||eng|d | ||
| 010 | _a104671 | ||
| 011 | _a105643 | ||
| 020 | _a9781555814182 | ||
| 040 | _cCHAP | ||
| 082 | 0 | 4 |
_a616.9207 _bB13 2011 |
| 245 | 0 | 0 |
_aBacterial pathogenesis : _ba molecular approach / _cpor Brenda A. Wilson ...[et. al.]. |
| 250 | _a3 ed. | ||
| 260 | 3 |
_aWashington, DC : _bASM Press, _c2011. |
|
| 300 | _axiv, 526 p. | ||
| 590 |
_aBATCH-UPD _b05 _c20131218 _lUCH01 _h1052 |
||
| 590 |
_aE11695DGD _b10 _c20131219 _lUCH01 _h1057 |
||
| 590 |
_aE792CSJ _b05 _c20131218 _lUCH01 _h1051 |
||
| 650 | 1 | 4 |
_aBacterias patógenas. _99328 |
| 650 | 1 | 4 |
_aMicrobiología molecular. _9125131 |
| 700 | 1 |
_aWilson, Brenda A. _9125130 |
|
| 901 | _aBK | ||
| 942 | _cLIBRO | ||
| 942 | _n0 | ||
| 999 |
_c104671 _d104671 |
||